Online
Catalog

El Matrimonio Perfecto / (Record no. 24433)

MARC details
000 -CABECERA
campo de control de longitud fija 00621nam a2200205 a 4500
001 - NÚMERO DE CONTROL
campo de control 000024940
005 - FECHA Y HORA DE LA ÚLTIMA TRANSACCIÓN
campo de control 20240509192331.0
008 - DATOS DE LONGITUD FIJA--INFORMACIÓN GENERAL
campo de control de longitud fija 110208s1966 dr a r 000 0 spa d
040 ## - FUENTE DE LA CATALOGACIÓN
Centro catalogador/agencia de origen DO-SdBNP
Lengua de catalogación spa
Centro/agencia transcriptor BNPHU
082 ## - NÚMERO DE LA CLASIFICACIÓN DECIMAL DEWEY
Número de clasificación 306.81
Número de documento/Ítem A926m
049 ## - FONDOS LOCALES (OCLC)
Fondos de biblioteca BNGR
100 1# - ENTRADA PRINCIPAL--NOMBRE DE PERSONA
Nombre de persona Aun Weor , Samael
Fechas asociadas al nombre 1917-1977
9 (RLIN) 47250
245 10 - MENCIÓN DE TÍTULO
Título El Matrimonio Perfecto /
Mención de responsabilidad, etc. Samael Aun Weor ; prefacio Julio Medina V.
250 ## - MENCIÓN DE EDICIÓN
Mención de edición 10a ed.
260 ## - PUBLICACIÓN, DISTRIBUCIÓN, ETC.
Lugar de publicación, distribución, etc. [S. l. ] :
Nombre del editor, distribuidor, etc. Hadit,
Fecha de publicación, distribución, etc. [1966?].
300 ## - DESCRIPCIÓN FÍSICA
Extensión 267, [5] p. :
Otras características físicas il., retrs. ;
Dimensiones 20 cm.
650 #0 - PUNTO DE ACCESO ADICIONAL DE MATERIA--TÉRMINO DE MATERIA
Término de materia o nombre geográfico como elemento de entrada Matrimonio
9 (RLIN) 797
650 #4 - PUNTO DE ACCESO ADICIONAL DE MATERIA--TÉRMINO DE MATERIA
Término de materia o nombre geográfico como elemento de entrada Sexo en el matrimonio
9 (RLIN) 804
700 1# - PUNTO DE ACCESO ADICIONAL--NOMBRE DE PERSONA
Nombre de persona Medina V., Julio
9 (RLIN) 41866
Holdings
Estado de retiro Estado de pérdida Restricciones de uso No para préstamo Código de colección Localización permanente Ubicación/localización actual Ubicación en estantería Fecha de adquisición Número de inventario Total de préstamos Signatura topográfica completa Código de barras Fecha visto por última vez Precio válido a partir de Tipo de ítem Koha
        Patrimonio Dominicano General General En catalogación 08.02.2011 LF1   306.81 A926m 24940-10 25.06.2020 25.06.2020 Libro y Folleto Colección Patrimonio Dominicano

Powered by Koha